[Event "Izhevsk Corporation Cup 5th"]
[Site "Izhevsk"]
[Date "2013.07.15"]
[Round "4"]
[White "Timerkhanov, Alexander"]
[Black "Verdnikov, Vladimir"]
[Result "1-0"]
[WhiteElo "1964"]
[BlackElo "2142"]
[PlyCount "128"]
[EventDate "2013.07.11"]
[EventType "swiss"]
[EventRounds "9"]
[EventCountry "RUS"]
[SourceTitle "EXT 2014"]
[Source "ChessBase"]
[SourceDate "2013.11.20"]
[SourceVersion "1"]
[SourceVersionDate "2013.11.20"]
[SourceQuality "1"]

1. d4 Nf6 2. Bg5 c5 3. d5 Qb6 4. Bxf6 gxf6 5. Qc1 f5 6. Nd2 Bg7 7. Rb1 d6 8. c3 Nd7 9. Nc4 Qc7 10. Qg5 Bf6 11. Qxf5 b5 12. Nd2 Nb6 13. Qf3 Bb7 14. e4 a6 15. Qh3 Bc8 16. Qe3 Bd7 17. f4 0-0-0 18. Ngf3 e6 19. dxe6 Bxe6 20. Bd3 Rhe8 21. 0-0 Bg4 22. Qf2 h5 23. Bc2 Rg8 24. Kh1 h4 25. h3 Bd7 26. e5 Be7 27. exd6 Bxd6 28. Ne4 Bxf4 29. Nxc5 Bg3 30. Qg1 Bd6 31. Nxd7 Nxd7 32. a4 Rg3 33. axb5 Rdg8 34. bxa6 Rxg2 35. Qxg2 Rxg2 36. Kxg2 Bc5 37. Nxh4 Qc6+ 38. Nf3 Ne5 39. Rbe1 Nc4 40. Be4 Qxa6 41. Nd4 Bxd4 42. cxd4 Nd2 43. Bf5+ Kd8 44. Rf4 Qc6+ 45. Kg3 Qb6 46. Re2 Qb3+ 47. Kh2 Nc4 48. Ref2 Nd6 49. Bg4 Qb8 50. Kg2 Qb7+ 51. Bf3 Qb5 52. h4 f5 53. h5 Qc4 54. Kh2 Qc1 55. Bg2 Ke7 56. h6 Kf7 57. Bd5+ Kg6 58. Rg2+ Kh7 59. Rh4 Ne4 60. Bxe4 fxe4 61. Rg7+ Kh8 62. h7 Qc2+ 63. Rg2 Qc7+ 64. Kh1 Qh2+ 1-0

[Event "Izhevsk Corporation Cup 5th"]
[Site "Izhevsk"]
[Date "2013.07.12"]
[Round "1"]
[White "Verdnikov, Vladimir"]
[Black "Pakhomov, Egor"]
[Result "0-1"]
[WhiteElo "2142"]
[BlackElo "2435"]
[PlyCount "104"]
[EventDate "2013.07.11"]
[EventType "swiss"]
[EventRounds "9"]
[EventCountry "RUS"]
[SourceTitle "EXT 2014"]
[Source "ChessBase"]
[SourceDate "2013.11.20"]
[SourceVersion "1"]
[SourceVersionDate "2013.11.20"]
[SourceQuality "1"]

1. c4 e6 2. Nf3 Nf6 3. g3 d5 4. Bg2 dxc4 5. Qa4+ Nbd7 6. Qxc4 a6 7. a4 b5 8. Qc2 Bb7 9. 0-0 Bd6 10. d3 0-0 11. Nc3 Qb8 12. Bg5 h6 13. Bxf6 Nxf6 14. e4 b4 15. Nd1 c5 16. Ne3 Rd8 17. Nc4 Nd7 18. Rad1 Qc7 19. b3 Be7 20. Qe2 Rac8 21. h4 Bf6 22. Nh2 Bd4 23. Kh1 Ne5 24. Nxe5 Bxe5 25. f4 Bc3 26. Ng4 Rd7 27. Ne3 Rcd8 28. Nc4 Rd4 29. Kh2 Qd7 30. Ne5 Qe7 31. f5 exf5 32. Rxf5 f6 33. Ng6 Qf7 34. h5 Qxb3 35. Rxc5 Qf7 36. Nf4 Re8 37. Qg4 Qe7 38. Qf5 Rdd8 39. Rc4 Qf7 40. Qa5 Rd7 41. Bh3 Qxc4 42. Bxd7 Qa2+ 43. Ng2 Re5 44. Qd8+ Kh7 45. Be8 Qg8 46. Bg6+ Kh8 47. Qb6 Qc8 48. Nf4 Rc5 49. Bf5 Rxf5 50. exf5 Be5 51. Ng6+ Kh7 52. Rd2 Qc1 0-1

[Event "Izhevsk op-A"]
[Site "Izhevsk"]
[Date "2010.07.20"]
[Round "6"]
[White "Goryachkina, Aleksandra"]
[Black "Verdnikov, Vladimir"]
[Result "0-1"]
[WhiteElo "2014"]
[BlackElo "2184"]
[PlyCount "66"]
[EventDate "2010.07.15"]
[EventType "swiss"]
[EventRounds "9"]
[EventCountry "RUS"]
[SourceTitle "CBM 137 Extra"]
[Source "ChessBase"]
[SourceDate "2010.09.01"]
[SourceVersion "1"]
[SourceVersionDate "2010.09.01"]
[SourceQuality "1"]

1. c4 Nf6 2. g3 g6 3. Bg2 Bg7 4. Nc3 d6 5. Nf3 0-0 6. 0-0 Nbd7 7. d3 e5 8. Rb1 c6 9. b4 Qe7 10. Nd2 Rd8 11. b5 c5 12. Nb3 h6 13. a4 Nf8 14. a5 Rb8 15. b6 a6 16. Na1 Be6 17. Nc2 d5 18. cxd5 Nxd5 19. Nxd5 Bxd5 20. Bxd5 Rxd5 21. Ne3 Rd7 22. Qc2 Ne6 23. Ba3 Rc8 24. Rbc1 Rc6 25. Qa2 h5 26. Nd5 Qd8 27. e4 h4 28. Rc4 h3 29. Rfc1 Bh6 30. R1c3 Rxd5 31. exd5 Qxd5 32. Kf1 Nd4 33. f3 Qxf3+ 0-1

[Event "Izhevsk op-A"]
[Site "Izhevsk"]
[Date "2010.07.15"]
[Round "1"]
[White "Ovetchkin, Roman"]
[Black "Verdnikov, Vladimir"]
[Result "1-0"]
[WhiteElo "2511"]
[BlackElo "2184"]
[PlyCount "71"]
[EventDate "2010.07.15"]
[EventType "swiss"]
[EventRounds "9"]
[EventCountry "RUS"]
[SourceTitle "CBM 137 Extra"]
[Source "ChessBase"]
[SourceDate "2010.09.01"]
[SourceVersion "1"]
[SourceVersionDate "2010.09.01"]
[SourceQuality "1"]

1. Nf3 Nf6 2. c4 g6 3. Nc3 Bg7 4. e4 d6 5. d4 0-0 6. h3 e5 7. d5 a5 8. g4 Na6 9. Be3 Bd7 10. Be2 c6 11. Nd2 Nc5 12. h4 cxd5 13. cxd5 Qc8 14. g5 Nh5 15. Bxh5 gxh5 16. Nf1 b5 17. Rc1 b4 18. Ne2 Qa6 19. Bxc5 dxc5 20. Ne3 f5 21. exf5 Bxf5 22. Ng3 Bg6 23. Nxh5 Rf4 24. Nxg7 Kxg7 25. Rxc5 Raf8 26. Rh2 Rd4 27. Qc1 Bh5 28. Qc2 Bg6 29. Rc7+ Kg8 30. Rc6 Qb5 31. Rxg6+ hxg6 32. Qxg6+ Kh8 33. Qh6+ Kg8 34. Qe6+ Kh7 35. Qe7+ Kg8 36. g6 1-0

[Event "Izhevsk-ch"]
[Site "Izhevsk"]
[Date "2010.02.13"]
[Round "2"]
[White "Verdnikov, Vladimir"]
[Black "Ipatov, Alexander"]
[Result "1-0"]
[WhiteElo "2194"]
[BlackElo "2060"]
[PlyCount "113"]
[EventDate "2010.02.12"]
[EventType "swiss"]
[EventRounds "9"]
[EventCountry "RUS"]
[SourceTitle "EXT 2012"]
[Source "ChessBase"]
[SourceDate "2011.11.24"]
[SourceVersion "1"]
[SourceVersionDate "2011.11.24"]
[SourceQuality "1"]

1. c4 e5 2. Nc3 Nc6 3. g3 g6 4. Bg2 Bg7 5. d3 d6 6. Nf3 Nh6 7. Nd5 0-0 8. Rb1 a5 9. 0-0 f6 10. b3 Nf7 11. a3 f5 12. b4 axb4 13. axb4 Be6 14. Nd2 Rb8 15. b5 Ne7 16. e4 f4 17. gxf4 Bxd5 18. cxd5 exf4 19. Nc4 Ne5 20. Nxe5 dxe5 21. Qb3 Kh8 22. Bh3 f3 23. Kh1 Nf5 24. Bxf5 gxf5 25. Rg1 Qh4 26. b6 cxb6 27. Qxb6 f4 28. Qc7 Bf6 29. Bb2 Qh5 30. Ba3 Rg8 31. Qd6 Qf7 32. Bb2 Rbe8 33. Bc3 Rg6 34. Rxg6 Qxg6 35. Rg1 Qf7 36. Ba1 Rd8 37. Qb6 Rg8 38. Rxg8+ Kxg8 39. Qd6 Qg6 40. Qe6+ Kg7 41. Qh3 Qg5 42. Qxf3 Kf7 43. Bc3 Be7 44. Qh3 h5 45. Qe6+ Kf8 46. Qxe5 Qg4 47. Qf5+ Qxf5 48. exf5 f3 49. Kg1 Bd6 50. h3 Ke7 51. Kf1 Bf4 52. Bb4+ Kd7 53. f6 Ke8 54. d6 Kd7 55. f7 Bh6 56. Ke1 Ke6 57. d7 1-0

[Event "Izhevsk op"]
[Site "Izhevsk"]
[Date "2009.07.21"]
[Round "7"]
[White "Gusarov, Grigory"]
[Black "Verdnikov, Vladimir"]
[Result "1-0"]
[WhiteElo "2349"]
[BlackElo "2191"]
[PlyCount "167"]
[EventDate "2009.07.15"]
[EventType "swiss"]
[EventRounds "9"]
[EventCountry "RUS"]
[SourceTitle "EXT 2010"]
[Source "ChessBase"]
[SourceDate "2010.11.25"]
[SourceVersion "1"]
[SourceVersionDate "2010.11.25"]
[SourceQuality "1"]

1. d4 Nf6 2. c4 g6 3. Nc3 Bg7 4. e4 d6 5. h3 c5 6. Nf3 cxd4 7. Nxd4 0-0 8. Be2 Nc6 9. Be3 Bd7 10. 0-0 a6 11. Nb3 Na5 12. c5 Nxb3 13. Qxb3 Bc6 14. Bf3 Nd7 15. cxd6 exd6 16. Rfd1 Ne5 17. Be2 Qh4 18. Rxd6 Kh8 19. f4 Bh6 20. Rf1 Qg3 21. Nd5 Bxd5 22. Rxd5 f6 23. Bc5 Bxf4 24. Qxg3 Bxg3 25. Bxf8 Rxf8 26. Rc1 h5 27. Rc3 h4 28. a3 Re8 29. Rdc5 Re7 30. Rc8+ Kg7 31. Rc1 Kh6 32. Kf1 Nf7 33. Bd3 Nd6 34. R8c7 Re6 35. Rd7 Kg5 36. Ke2 f5 37. Rc5 Nxe4 38. Bxe4 Rxe4+ 39. Kd3 b5 40. Rc6 a5 41. Rg7 Kf4 42. Rgxg6 Re3+ 43. Kd2 Be1+ 44. Kd1 Bg3 45. Rge6 Rd3+ 46. Kc2 Rd5 47. Rc3 Kg5 48. Re2 Bf4 49. Rc8 Bg3 50. Rc6 Kf4 51. b4 axb4 52. axb4 Rd4 53. Kc3 Rd1 54. Rc5 Be1+ 55. Kc2 Ra1 56. Rxb5 Kg3 57. Rb7 Ra2+ 58. Kd3 Ra3+ 59. Kd4 Bf2+ 60. Ke5 Kxg2 61. b5 Rxh3 62. Kxf5 Rf3+ 63. Ke4 Rf8 64. Rg7+ Kf1 65. Rb2 h3 66. Rb1+ Ke2 67. Rh7 Re8+ 68. Kf4 Re3 69. b6 Bg3+ 70. Kg4 h2 71. b7 Bb8 72. Rb2+ Kd1 73. Rhxh2 Bxh2 74. Rxh2 Rb3 75. Rh7 Rb5 76. Kf4 Kc2 77. Ke4 Kc3 78. Rc7+ Kb4 79. Kd4 Rb6 80. Rc1 Ka3 81. Ra1+ Kb2 82. Ra7 Kb3 83. Kc5 Rb4 84. Ra1 1-0

[Event "Izhevsk op"]
[Site "Izhevsk"]
[Date "2009.07.18"]
[Round "4"]
[White "Verdnikov, Vladimir"]
[Black "Filipenko, Alexander V"]
[Result "1/2-1/2"]
[WhiteElo "2191"]
[BlackElo "2362"]
[PlyCount "133"]
[EventDate "2009.07.15"]
[EventType "swiss"]
[EventRounds "9"]
[EventCountry "RUS"]
[SourceTitle "EXT 2010"]
[Source "ChessBase"]
[SourceDate "2010.11.25"]
[SourceVersion "1"]
[SourceVersionDate "2010.11.25"]
[SourceQuality "1"]

1. c4 e6 2. d4 d5 3. Nc3 c6 4. e4 dxe4 5. Nxe4 Bb4+ 6. Nc3 c5 7. Nf3 Nf6 8. a3 Bxc3+ 9. bxc3 0-0 10. Bd3 b6 11. 0-0 Bb7 12. Be3 Nbd7 13. Ne5 cxd4 14. cxd4 Nxe5 15. dxe5 Nd7 16. f4 Nc5 17. Bxc5 bxc5 18. Bxh7+ Kxh7 19. Qb1+ Kg8 20. Qxb7 Qd4+ 21. Kh1 Qxc4 22. Rac1 Qa4 23. Qf3 Rac8 24. f5 exf5 25. Qxf5 Rc6 26. Rc3 Qa6 27. Rcf3 c4 28. Qd7 c3 29. h3 c2 30. Rc1 Qb6 31. Kh2 Qc7 32. Qxc7 Rxc7 33. Rf2 Rfc8 34. Kg3 Kf8 35. Rf3 Ke7 36. Kf2 Ke6 37. Re3 Rc3 38. Ke2 Rxe3+ 39. Kxe3 Kxe5 40. Kd2 Kf4 41. Rf1+ Kg3 42. Kc1 f6 43. Re1 Rc7 44. Re2 f5 45. a4 a5 46. Re5 g6 47. Rxa5 Kxg2 48. h4 Rf7 49. Kxc2 f4 50. Rg5+ Kf1 51. Rxg6 f3 52. h5 f2 53. Kd2 Rd7+ 54. Ke3 Ke1 55. Rf6 Re7+ 56. Kd3 f1Q+ 57. Rxf1+ Kxf1 58. Kc4 Re5 59. h6 Ke2 60. h7 Rh5 61. a5 Rxh7 62. a6 Rh5 63. Kb4 Kd3 64. a7 Rh8 65. Kc5 Rg8 66. Kb6 Kc4 67. Kb7 1/2-1/2

[Event "Izhevsk Krasnoperov Memorial"]
[Site "Izhevsk"]
[Date "2008.09.??"]
[Round "3"]
[White "Verdnikov, Vladimir"]
[Black "Filipenko, Alexander V"]
[Result "0-1"]
[WhiteElo "2204"]
[BlackElo "2341"]
[PlyCount "126"]
[EventDate "2008.09.??"]
[EventType "tourn"]
[EventRounds "9"]
[EventCountry "RUS"]
[SourceTitle "EXT 2010"]
[Source "ChessBase"]
[SourceDate "2010.11.25"]
[SourceVersion "1"]
[SourceVersionDate "2010.11.25"]
[SourceQuality "1"]

1. d4 d5 2. c4 e6 3. Nc3 c6 4. e3 Nf6 5. Nf3 Nbd7 6. Bd3 dxc4 7. Bxc4 b5 8. Bd3 Bb7 9. e4 b4 10. Na4 c5 11. e5 Nd5 12. dxc5 Nxc5 13. Nxc5 Bxc5 14. 0-0 h6 15. Bb5+ Kf8 16. Qe2 Qb6 17. Bd2 g6 18. a3 a5 19. axb4 axb4 20. Rxa8+ Bxa8 21. h4 Kg7 22. h5 g5 23. Bc4 Bb7 24. Bd3 Ne7 25. Be4 Nf5 26. Bxb7 Qxb7 27. Qc4 Rc8 28. Qg4 Be7 29. Nd4 Nxd4 30. Qxd4 Rd8 31. Qe3 Qd5 32. Bc1 Bc5 33. Qg3 Bd4 34. Re1 Bxe5 35. Rxe5 Qd1+ 36. Kh2 Qxc1 37. Re4 Qxb2 38. Rxe6 Qd4 39. Re7 Rd7 40. Rxd7 Qxd7 41. Qe5+ f6 42. Qe4 Qf7 43. Qxb4 Qxh5+ 44. Kg1 Qd1+ 45. Kh2 Qe2 46. Qb7+ Kg6 47. Qb6 Qe5+ 48. g3 h5 49. Qb1+ Qf5 50. Qe1 Kh6 51. Kg2 Qd5+ 52. Kg1 h4 53. gxh4 gxh4 54. Qb4 Kh5 55. Qe7 Qf3 56. Qh7+ Kg4 57. Qd7+ f5 58. Qd6 Qe4 59. Qg6+ Kh3 60. Kf1 Qg4 61. Qd6 f4 62. Qd4 Kh2 63. Qd6 h3 0-1

[Event "Privolzhskogo FO-ch"]
[Site "Izhevsk"]
[Date "2005.03.20"]
[Round "5"]
[White "Verdnikov, Vladimir"]
[Black "Derbenev, Andrey"]
[Result "0-1"]
[WhiteElo "2220"]
[BlackElo "2313"]
[PlyCount "68"]
[EventDate "2005.03.16"]
[EventType "swiss"]
[EventRounds "9"]
[EventCountry "RUS"]
[SourceTitle "CBM 105 Extra"]
[Source "ChessBase"]
[SourceDate "2005.05.01"]
[SourceVersion "1"]
[SourceVersionDate "2005.05.01"]
[SourceQuality "1"]

1. e4 e6 2. d4 d5 3. Nd2 b6 4. e5 Ne7 5. Bd3 Ba6 6. Bxa6 Nxa6 7. c3 Qd7 8. Ne2 c5 9. Nf3 Nf5 10. 0-0 Be7 11. Ng3 Nxg3 12. fxg3 cxd4 13. cxd4 Rc8 14. Bg5 0-0 15. Bxe7 Qxe7 16. Qe2 Nb4 17. a3 Nc6 18. b4 a5 19. b5 Na7 20. Qb2 Rc7 21. Rac1 Rfc8 22. a4 h6 23. h4 Rc4 24. Nd2 Rxc1 25. Rxc1 Rxc1+ 26. Qxc1 Qb4 27. Nf3 Qxa4 28. Qc7 Nxb5 29. Qxb6 Qb4 30. h5 Nc3 31. Qd8+ Kh7 32. Qc7 Ne2+ 33. Kh2 Qb1 34. g4 Qe4 0-1

[Event "Privolzhskogo FO-ch"]
[Site "Izhevsk"]
[Date "2005.03.17"]
[Round "2"]
[White "Malin, Denis Sergeevich"]
[Black "Verdnikov, Vladimir"]
[Result "0-1"]
[WhiteElo "2053"]
[BlackElo "2220"]
[PlyCount "68"]
[EventDate "2005.03.16"]
[EventType "swiss"]
[EventRounds "9"]
[EventCountry "RUS"]
[SourceTitle "CBM 105 Extra"]
[Source "ChessBase"]
[SourceDate "2005.05.01"]
[SourceVersion "1"]
[SourceVersionDate "2005.05.01"]
[SourceQuality "1"]

1. d4 Nf6 2. c4 g6 3. Nc3 Bg7 4. e4 d6 5. Nf3 0-0 6. Be2 e5 7. 0-0 Nbd7 8. dxe5 dxe5 9. Qc2 c6 10. Rd1 Qc7 11. Be3 Re8 12. Nd2 Nf8 13. f3 Ne6 14. Nb3 Nd7 15. Rac1 Bf8 16. Qd2 Ndc5 17. Na1 a5 18. Qe1 a4 19. b4 axb3 20. axb3 Nd4 21. b4 Na6 22. b5 Nc5 23. Qf2 Nce6 24. Kh1 Ra3 25. Bf1 Bc5 26. Qb2 Qa5 27. Bd2 Qa7 28. Ne2 Nxe2 29. Bxe2 Bd4 30. Qb4 Rxa1 31. b6 Qa2 32. Rxa1 Bxa1 33. Bd3 Bd4 34. Bc3 Bc5 0-1